[Event "7MCR_4D_1L_2S"]
[Site "?"]
[Date "2006.??.??"]
[Round "?"]
[White "Mikoska, Josef"]
[Black "Postl, Rostislav"]
[Result "1/2-1/2"]
[WhiteElo "2149"]
[BlackElo "2319"]
[PlyCount "86"]
[EventDate "2006.??.??"]
[EventType "corr"]

1. e4 e5 2. Nf3 Nc6 3. Bb5 a6 4. Ba4 d6 5. Qe2 Bd7 6. c3 Nf6 7. d4 Be7 8. d5
Nb8 9. Bc2 O-O 10. O-O c6 11. c4 a5 12. Nc3 Bg4 13. Be3 Qc7 14. Rad1 Bh5 15. b3
Re8 16. Rfe1 Nbd7 17. h3 h6 18. g4 Bg6 19. Nh4 Nxe4 20. Bxe4 Bxh4 21. dxc6 bxc6
22. Bxg6 fxg6 23. Ne4 Re6 24. g5 Bxg5 25. Bxg5 hxg5 26. Nxg5 Rf6 27. Ne4 Re6
28. Qd2 Rd8 29. Ng5 Rf6 30. Re3 Qa7 31. Ne4 Re6 32. Rd3 Nf6 33. Ng5 Ree8 34.
Rxd6 Rxd6 35. Qxd6 e4 36. Rd2 a4 37. b4 e3 38. Re2 exf2+ 39. Kf1 Rxe2 40. Kxe2
Kh8 41. Qd8+ Ng8 42. Qd2 Qa6 43. Qf4 Qb7 1/2-1/2

[Event "7MCR_4D_1L_2S"]
[Site "?"]
[Date "2006.??.??"]
[Round "?"]
[White "Mikoska, Josef"]
[Black "Pravec, Ladislav"]
[Result "1/2-1/2"]
[WhiteElo "2149"]
[BlackElo "2401"]
[PlyCount "89"]
[EventDate "2006.??.??"]
[EventType "corr"]

1. e4 c5 2. b3 Nc6 3. Bb2 e5 4. Bc4 d6 5. Nc3 Nf6 6. d3 Be7 7. Nge2 a6 8. a4
Nd4 9. O-O O-O 10. h3 Be6 11. f4 Qd7 12. Qd2 b6 13. f5 Bxc4 14. bxc4 Rab8 15.
Qd1 Kh8 16. Bc1 Rb7 17. Bg5 Ne8 18. Bxe7 Qxe7 19. Nd5 Nxe2+ 20. Qxe2 Qd8 21. f6
Nxf6 22. Nxf6 gxf6 23. Qf2 Rg8 24. Rab1 Rg6 25. h4 Kg7 26. Qf5 h6 27. Kh2 Rb8
28. Rf2 h5 29. Qxh5 Qd7 30. Qd1 Qxa4 31. Ra1 Qd7 32. Rxa6 Qb7 33. Ra3 b5 34.
cxb5 Qxb5 35. Rb3 Qe8 36. Rxb8 Qxb8 37. c4 Qh8 38. Kh3 Rh6 39. Qg4+ Rg6 40. Qf3
Qc8+ 41. g4 Rh6 42. Kg3 Qb7 43. h5 Qb1 44. Rf1 Qb7 45. Qe2 1/2-1/2

[Event "7MCR_4D_1L_2S"]
[Site "?"]
[Date "2006.??.??"]
[Round "?"]
[White "Mikoska, Josef"]
[Black "Splichal, Stanislav"]
[Result "0-1"]
[WhiteElo "2149"]
[BlackElo "2258"]
[PlyCount "130"]
[EventDate "2006.??.??"]
[EventType "corr"]

1. e4 c5 2. b3 Nc6 3. Bb2 e5 4. Bc4 Nf6 5. Nc3 Be7 6. d3 d6 7. Nge2 a6 8. a4
O-O 9. O-O Rb8 10. Qd2 Nh5 11. Nd5 Bg5 12. Qd1 Bh6 13. d4 b5 14. axb5 axb5 15.
Bxb5 Rxb5 16. dxe5 Rb8 17. exd6 Kh8 18. e5 Qg5 19. f4 Qg6 20. Ra4 f6 21. exf6
gxf6 22. Rc4 Bb7 23. Rf2 Rbd8 24. Nec3 Rxd6 25. f5 Qe8 26. Rh4 Be3 27. Qxh5
Qxh5 28. Rxh5 Bd4 29. Nc7 Bxf2+ 30. Kxf2 Rd2+ 31. Ke3 Rxc2 32. Ne6 Rf7 33. Na4
Nb4 34. g3 c4 35. bxc4 Rxc4 36. Nb6 Rc6 37. Na4 Nd5+ 38. Kd2 Rd6 39. Ke2 Ra6
40. Nc3 Bc6 41. Kd2 Rb6 42. Ba1 Nc7 43. Nd4 Bh1 44. Rh4 Rd7 45. Rf4 Na6 46. Ke3
Nc5 47. Rf1 Bb7 48. Rd1 Kg8 49. Rd2 h5 50. Ra2 Rb4 51. Nce2 Re7+ 52. Kd2 Rb1
53. Nf4 Ree1 54. Bb2 Ne4+ 55. Kc2 Rbd1 56. Nb3 Rh1 57. Ra7 Rd7 58. h3 Rf1 59.
Ne6 Rf2+ 60. Kc1 Rxf5 61. g4 Rf1+ 62. Kc2 Rf2+ 63. Kb1 Rd1+ 64. Nc1 Bd5 65. Nc7
Nc3+ 0-1

[Event "7MCR_4D_1L_2S"]
[Site "?"]
[Date "2006.??.??"]
[Round "?"]
[White "Nyvlt, Zdenek"]
[Black "Dedina, Miroslav"]
[Result "1-0"]
[WhiteElo "2302"]
[BlackElo "2302"]
[PlyCount "108"]
[EventDate "2006.??.??"]
[EventType "corr"]

1. c4 Nf6 2. Nc3 g6 3. e4 e5 4. Nf3 d6 5. d4 Nbd7 6. g3 exd4 7. Nxd4 Bg7 8. Bg2
O-O 9. O-O c6 10. b3 Re8 11. h3 Nc5 12. Re1 h6 13. Bf4 g5 14. Bc1 g4 15. h4 a5
16. Rb1 Qe7 17. Bf4 Nh5 18. Be3 Qf6 19. Qc2 Qg6 20. Rbd1 Be5 21. Nf5 Bxf5 22.
exf5 Qf6 23. Ne4 Qxf5 24. Bxh6 Nf6 25. Nxf6+ Qxf6 26. Be3 Qg6 27. Qxg6+ fxg6
28. Bf1 Nd7 29. Rd3 Nf6 30. Bg5 Kf7 31. Be2 c5 32. Kf1 Bd4 33. Bxf6 Kxf6 34.
Bxg4 Rxe1+ 35. Kxe1 Rb8 36. a4 Rd8 37. Bf3 Re8+ 38. Kf1 b6 39. Bd5 Kg7 40. Rf3
Re7 41. Rf4 Bf6 42. Rg4 Kh6 43. Be4 Rg7 44. Rf4 Be7 45. Ke2 g5 46. hxg5+ Rxg5
47. Kd3 Kg7 48. Bf5 Rh5 49. Ke4 Bf6 50. Kd5 Be5 51. Rf3 Rh2 52. Kc6 Bf6 53.
Kxb6 Bd8+ 54. Kc6 Rh6 1-0

[Event "7MCR_4D_1L_2S"]
[Site "?"]
[Date "2006.??.??"]
[Round "?"]
[White "Nyvlt, Zdenek"]
[Black "Hladecek, Miloslav"]
[Result "1/2-1/2"]
[WhiteElo "2302"]
[BlackElo "2281"]
[PlyCount "64"]
[EventDate "2006.??.??"]
[EventType "corr"]

1. e4 e6 2. d4 d5 3. Nf3 dxe4 4. Ne5 Nd7 5. Nc3 Nxe5 6. dxe5 Qxd1+ 7. Kxd1 Bd7
8. Nxe4 Ne7 9. Bd2 Bc6 10. Bd3 O-O-O 11. Ng5 Be8 12. Nf3 h6 13. h4 Bc6 14. Ke2
g6 15. Rae1 Bg7 16. Rh3 Rd7 17. Kf1 a6 18. a3 Nf5 19. Bc3 Rhd8 20. h5 g5 21.
Nh2 Nd4 22. Ng4 Ba4 23. Rc1 Bb5 24. b4 Rd5 25. Bxb5 Nxb5 26. Bb2 Nd6 27. Rf3
Nf5 28. Bc3 c5 29. Ne3 Nxe3+ 30. Rxe3 Kd7 31. Ke2 cxb4 32. axb4 Rc8 1/2-1/2

[Event "7MCR_4D_1L_2S"]
[Site "?"]
[Date "2006.??.??"]
[Round "?"]
[White "Nyvlt, Zdenek"]
[Black "Jirku, Jaroslav"]
[Result "1-0"]
[WhiteElo "2302"]
[BlackElo "2292"]
[PlyCount "77"]
[EventDate "2006.??.??"]
[EventType "corr"]

1. e4 e5 2. Nf3 Nf6 3. Nxe5 d6 4. Nf3 Nxe4 5. d4 d5 6. Bd3 Bd6 7. O-O O-O 8.
Re1 Bf5 9. c4 c6 10. Qc2 Bg6 11. c5 Bc7 12. Nc3 f5 13. Qb3 Bh5 14. Nxe4 fxe4
15. Bxe4 Kh8 16. Bg5 Qd7 17. Bc2 Bxf3 18. gxf3 Qh3 19. f4 Qxb3 20. axb3 Na6 21.
Re7 Rac8 22. Bh6 Rg8 23. Kf1 Bd8 24. Rxb7 Rc7 25. Rxc7 Nxc7 26. Bg5 Ne6 27.
Bxd8 Rxd8 28. Ra4 Nxf4 29. Rxa7 Kg8 30. Bd1 Rb8 31. Ra6 Rb4 32. Ke1 Rxd4 33.
Bc2 h6 34. Rxc6 Kf8 35. Ra6 Ke8 36. Ra4 Nd3+ 37. Kd2 Rxa4 38. bxa4 Nxc5 39. b4
1-0

[Event "7MCR_4D_1L_2S"]
[Site "?"]
[Date "2006.??.??"]
[Round "?"]
[White "Nyvlt, Zdenek"]
[Black "Mikoska, Josef"]
[Result "1/2-1/2"]
[WhiteElo "2302"]
[BlackElo "2149"]
[PlyCount "142"]
[EventDate "2006.??.??"]
[EventType "corr"]

1. e4 e5 2. Nf3 Nc6 3. Bb5 a6 4. Ba4 Nf6 5. O-O Bc5 6. c3 b5 7. Bc2 d6 8. d4
Bb6 9. h3 O-O 10. Be3 Re8 11. Nbd2 exd4 12. cxd4 Bb7 13. Rc1 Na5 14. b4 Nc4 15.
Nxc4 bxc4 16. Qe2 Nxe4 17. Qxc4 Qd7 18. a4 Nf6 19. a5 Ba7 20. Bd1 Rac8 21. Re1
Re7 22. Bg5 Rxe1+ 23. Nxe1 Qe6 24. Qxe6 fxe6 25. Nf3 h6 26. Be3 Kf7 27. Be2 Nd5
28. Bd2 Ne7 29. Kf1 g5 30. Bd3 c6 31. Re1 Rg8 32. Bc4 Nd5 33. Bb3 Ke7 34. Kg1
Nc7 35. Rc1 Nd5 36. Ba4 Kd7 37. Kf1 Rf8 38. Bb3 Rb8 39. Ke2 Ba8 40. Rb1 Ke7 41.
Bc4 Bb7 42. Kd3 Rg8 43. Re1 Kd7 44. Re2 Rg6 45. Bb3 Rg7 46. Nh2 Rg6 47. g3 Rf6
48. Bd1 Rg6 49. Ng4 Ne7 50. Re1 Nf5 51. Bc3 Bc8 52. Bf3 Kc7 53. Bb2 Bd7 54. Rc1
Kb7 55. Rh1 Kc7 56. Be2 Kd8 57. Rc1 Kc7 58. Ne3 Rf6 59. Rf1 Ne7 60. Kd2 Bc8 61.
Bd3 Rf3 62. Ke2 Rf8 63. f3 Re8 64. f4 gxf4 65. Rxf4 e5 66. dxe5 Bxe3 67. Kxe3
Nd5+ 68. Kf3 Nxf4 69. gxf4 Bxh3 70. exd6+ Kxd6 71. Be5+ Rxe5 1/2-1/2

[Event "7MCR_4D_1L_2S"]
[Site "?"]
[Date "2006.??.??"]
[Round "?"]
[White "Nyvlt, Zdenek"]
[Black "Pravec, Ladislav"]
[Result "1/2-1/2"]
[WhiteElo "2302"]
[BlackElo "2401"]
[PlyCount "71"]
[EventDate "2006.??.??"]
[EventType "corr"]

1. e4 c5 2. Nf3 Nc6 3. d4 cxd4 4. Nxd4 Nf6 5. Nc3 d6 6. Bg5 e6 7. Qd2 Be7 8.
O-O-O O-O 9. Nb3 a6 10. Bxf6 gxf6 11. h4 b5 12. a3 b4 13. axb4 Nxb4 14. h5 Bb7
15. h6 Kh8 16. Qe3 Rg8 17. Kb1 Qc7 18. Be2 Bc6 19. Rh3 Rab8 20. Rg3 Rxg3 21.
Qxg3 Rg8 22. Qe3 Rxg2 23. Bh5 Be8 24. f4 a5 25. Qh3 Rg8 26. f5 e5 27. Nc1 Rg5
28. Nd3 Nxd3 29. Rxd3 Qc4 30. Be2 Qb4 31. Rd1 Bc6 32. Qd3 Qb7 33. Nd5 Bxd5 34.
Qxd5 Qxd5 35. Rxd5 Bf8 36. Rxa5 1/2-1/2

[Event "7MCR_4D_1L_2S"]
[Site "?"]
[Date "2006.??.??"]
[Round "?"]
[White "Nyvlt, Zdenek"]
[Black "Toman, Antonin"]
[Result "1-0"]
[WhiteElo "2302"]
[BlackElo "2248"]
[PlyCount "101"]
[EventDate "2006.??.??"]
[EventType "corr"]

1. e4 e5 2. Nf3 Nc6 3. Bb5 a6 4. Ba4 Nf6 5. O-O Be7 6. Re1 b5 7. Bb3 O-O 8. c3
d5 9. exd5 Nxd5 10. Nxe5 Nxe5 11. Rxe5 c6 12. Re1 Bd6 13. d3 Bf5 14. Qf3 Re8
15. Rxe8+ Qxe8 16. Nd2 Qe1+ 17. Nf1 Bg6 18. g3 Re8 19. Bd1 Qe6 20. Bd2 Qh3 21.
Be2 Qd7 22. Re1 Nf6 23. g4 Bc7 24. Ng3 c5 25. g5 Ne4 26. Be3 Nxg3 27. hxg3 Bb6
28. Rd1 Bd8 29. c4 Qe6 30. Qf4 Be7 31. Bg4 Qc6 32. Bf3 Qc8 33. cxb5 axb5 34. d4
c4 35. d5 Bc2 36. Rc1 Bd3 37. d6 Bf8 38. Bb6 Re6 39. Bg4 Bxd6 40. Qd4 Qf8 41.
Bxe6 fxe6 42. Re1 Qe7 43. b3 Kf7 44. a4 e5 45. Qd5+ Qe6 46. Qxb5 e4 47. bxc4
Bxc4 48. Qa5 Bd3 49. Bc5 Be5 50. Be3 Bc4 51. Rb1 1-0

[Event "7MCR_4D_1L_2S"]
[Site "?"]
[Date "2006.??.??"]
[Round "?"]
[White "Nyvlt, Zdenek"]
[Black "Vosahlik, Jiri"]
[Result "1/2-1/2"]
[WhiteElo "2302"]
[BlackElo "2328"]
[PlyCount "71"]
[EventDate "2006.??.??"]
[EventType "corr"]

1. Nf3 c5 2. c4 Nc6 3. d4 cxd4 4. Nxd4 Nf6 5. Nc3 e6 6. g3 Qb6 7. Ndb5 Ne5 8.
Bf4 Nfg4 9. e3 a6 10. Nc7+ Qxc7 11. Qxg4 Qxc4 12. Qh5 Nd3+ 13. Bxd3 Qxd3 14.
Rd1 Qc4 15. Rd4 Qc5 16. Qd1 b6 17. e4 Be7 18. O-O b5 19. Qd2 b4 20. Na4 Qb5 21.
b3 Bb7 22. Bd6 Bxd6 23. Rxd6 Bc6 24. Rc1 O-O 25. Nc5 Rac8 26. Rc4 a5 27. Qd4 h6
28. Nxd7 Bxd7 29. Rxd7 Rxc4 30. bxc4 Qa4 31. Qd2 Qc6 32. Rd8 Rxd8 33. Qxd8+ Kh7
34. Qd3 a4 35. Qc2 Qc5 36. Kf1 1/2-1/2

[Event "7MCR_4D_1L_2S"]
[Site "?"]
[Date "2006.??.??"]
[Round "?"]
[White "Postl, Rostislav"]
[Black "Batka, Josef"]
[Result "1/2-1/2"]
[WhiteElo "2319"]
[BlackElo "2260"]
[PlyCount "95"]
[EventDate "2006.??.??"]
[EventType "corr"]

1. d4 Nf6 2. Nf3 e6 3. c4 d5 4. Nc3 Bb4 5. Bg5 Nbd7 6. e3 c5 7. cxd5 exd5 8.
Bb5 Qa5 9. Bxd7+ Nxd7 10. O-O Bxc3 11. bxc3 c4 12. Qc2 O-O 13. a4 Re8 14. Rfb1
f6 15. Bf4 Nb6 16. h4 Bg4 17. Rb4 Rac8 18. Qb2 Bd7 19. h5 g5 20. hxg6 hxg6 21.
Nh4 Kf7 22. Rb5 Qa6 23. Qb1 Rg8 24. Rb2 Qa5 25. Bd6 Rg7 26. g3 Rh8 27. Bb4 Qa6
28. Bc5 g5 29. a5 Nc8 30. Rxb7 Ke8 31. Ng6 Rhg8 32. Rxd7 Kxd7 33. Qf5+ Qe6 34.
Nf8+ Rxf8 35. Qxe6+ Kxe6 36. Bxf8 Rb7 37. Kg2 Nd6 38. Rh1 Rb2 39. Bxd6 Kxd6 40.
Rh6 Ke6 41. Rh7 Rb3 42. Rxa7 Rxc3 43. Ra8 Ra3 44. a6 Kd7 45. a7 c3 46. Rh8 c2
47. Rh1 Rxa7 48. Rc1 1/2-1/2

[Event "7MCR_4D_1L_2S"]
[Site "?"]
[Date "2006.??.??"]
[Round "?"]
[White "Postl, Rostislav"]
[Black "Bednarik, Radovan"]
[Result "1-0"]
[WhiteElo "2319"]
[BlackElo "2201"]
[PlyCount "91"]
[EventDate "2006.??.??"]
[EventType "corr"]

1. d4 d5 2. c4 c6 3. Nf3 Nf6 4. Nc3 a6 5. e3 b5 6. b3 Bg4 7. Be2 Nbd7 8. O-O e6
9. h3 Bh5 10. Qc2 Bg6 11. Bd3 Bxd3 12. Qxd3 Bb4 13. cxd5 cxd5 14. a4 O-O 15.
axb5 axb5 16. Bd2 Bxc3 17. Bxc3 Qb6 18. Bb4 Rfc8 19. Rfc1 Rxa1 20. Rxa1 Ne4 21.
Nd2 Qc6 22. Nf1 e5 23. f3 Nef6 24. Ra5 Rb8 25. Ng3 e4 26. Qc3 Qe6 27. f4 h6 28.
Ra7 Kh7 29. Qc7 Qe8 30. Nf5 Rc8 31. Qb7 Rb8 32. Qa6 Qc8 33. Qxc8 Rxc8 34. g4
Rc1+ 35. Kf2 Rc2+ 36. Ke1 Rb2 37. Be7 Rxb3 38. Bxf6 Nxf6 39. Rxf7 Kh8 40. Kf2
Rb2+ 41. Kg3 Re2 42. Kh4 b4 43. Rb7 Ra2 44. g5 Ng8 45. Nxg7 Ra6 46. Kh5 1-0

[Event "7MCR_4D_1L_2S"]
[Site "?"]
[Date "2006.??.??"]
[Round "?"]
[White "Postl, Rostislav"]
[Black "Dedina, Miroslav"]
[Result "0-1"]
[WhiteElo "2319"]
[BlackElo "2302"]
[PlyCount "124"]
[EventDate "2006.??.??"]
[EventType "corr"]

1. d4 Nf6 2. e3 g6 3. Nf3 Bg7 4. Be2 b6 5. O-O Bb7 6. b3 d5 7. Bb2 Nbd7 8. c4
O-O 9. Nc3 c5 10. Nxd5 Nxd5 11. cxd5 Bxd5 12. Rc1 e6 13. Ba3 Qe7 14. Ba6 Rfd8
15. Qe2 Be4 16. Rfd1 Bc6 17. h3 Rab8 18. Bd3 e5 19. Bb5 Bxb5 20. Qxb5 e4 21.
Nd2 Rbc8 22. Nc4 Bf8 23. Qa4 Qe8 24. Bb2 cxd4 25. Rxd4 Bg7 26. Rcd1 b5 27. Qxb5
Bxd4 28. Rxd4 Nf6 29. Qa5 Rxd4 30. Bxd4 Qe6 31. Qxa7 Nd7 32. a4 Qc6 33. Qa5 Nc5
34. Bxc5 Qxc5 35. Qxc5 Rxc5 36. Kf1 Kg7 37. Ke2 Kf6 38. Kd2 Ke6 39. Kc3 Kd5 40.
g4 f5 41. gxf5 gxf5 42. a5 Kc6 43. b4 Rd5 44. Kb3 f4 45. exf4 Rf5 46. a6 Rxf4
47. Ka4 Kc7 48. Ka5 Rxf2 49. b5 Ra2+ 50. Kb4 Kb8 51. Kc5 Ka7 52. Kd4 Rh2 53.
Kxe4 Rxh3 54. Nd6 Rh6 55. Ke5 Kb6 56. Ne8 Rh1 57. Nd6 Rf1 58. Kd5 h5 59. Ke5 h4
60. Nc8+ Kxb5 61. a7 Ra1 62. Kf4 Ra3 0-1

[Event "7MCR_4D_1L_2S"]
[Site "?"]
[Date "2006.??.??"]
[Round "?"]
[White "Postl, Rostislav"]
[Black "Kuta, Miroslav"]
[Result "1/2-1/2"]
[WhiteElo "2319"]
[BlackElo "2248"]
[PlyCount "40"]
[EventDate "2006.??.??"]
[EventType "corr"]

1. d4 d5 2. c4 e6 3. Nf3 Nf6 4. Bg5 Be7 5. Nc3 O-O 6. e3 h6 7. Bh4 b6 8. Bd3
Bb7 9. O-O Nbd7 10. Rc1 c5 11. Qe2 Ne4 12. Bxe7 Qxe7 13. cxd5 exd5 14. dxc5
Nxc3 15. Rxc3 bxc5 16. Rfc1 Qf6 17. Bb5 Bc6 18. Bxc6 Qxc6 19. b3 Rfe8 20. Qc2
Qe6 1/2-1/2

[Event "7MCR_4D_1L_2S"]
[Site "?"]
[Date "2006.??.??"]
[Round "?"]
[White "Postl, Rostislav"]
[Black "Nyvlt, Zdenek"]
[Result "1-0"]
[WhiteElo "2319"]
[BlackElo "2302"]
[PlyCount "31"]
[EventDate "2006.??.??"]
[EventType "corr"]

1. d4 Nf6 2. c4 c5 3. e3 g6 4. Nf3 e6 5. Nc3 Bg7 6. Be2 O-O 7. O-O b6 8. e4
cxd4 9. Nxd4 Bb7 10. Bf3 Ne8 11. e5 Qc8 12. Bg5 f6 13. exf6 Nxf6 14. Qe2 Bxf3
15. Nxf3 Qxc4 16. Qxc4 1-0

[Event "7MCR_4D_1L_2S"]
[Site "?"]
[Date "2006.??.??"]
[Round "?"]
[White "Postl, Rostislav"]
[Black "Splichal, Stanislav"]
[Result "1/2-1/2"]
[WhiteElo "2319"]
[BlackElo "2258"]
[PlyCount "91"]
[EventDate "2006.??.??"]
[EventType "corr"]

1. d4 Nf6 2. c4 e6 3. Nc3 Bb4 4. e3 O-O 5. Bd3 d5 6. Nf3 c5 7. O-O dxc4 8. Bxc4
cxd4 9. exd4 b6 10. Qb3 Bxc3 11. bxc3 Nc6 12. Bd3 Bb7 13. Bg5 Rc8 14. Qa3 Ne7
15. Ne5 Ng6 16. Bxg6 hxg6 17. Rac1 Qd5 18. f3 Nd7 19. Nxd7 Qxd7 20. Qxa7 Rc6
21. Qa3 Ra8 22. Qb3 Ra5 23. Be3 b5 24. a3 Rca6 25. Ra1 Bd5 26. Qb2 Qe7 27. Bc1
Rc6 28. Bd2 Bc4 29. Qb4 Qc7 30. Rfe1 Ra4 31. Qb2 Rca6 32. Re5 f6 33. Rc5 Qe7
34. h4 Qd8 35. Bc1 Rd6 36. Qd2 Rd5 37. Rxd5 Qxd5 38. Qe3 Kf7 39. Bb2 Qc6 40.
Rb1 Ra8 41. Bc1 Re8 42. Bd2 Qa8 43. Ra1 Qc6 44. Be1 Ra8 45. Qe4 Bd5 46. Qb1
1/2-1/2

[Event "7MCR_4D_1L_2S"]
[Site "?"]
[Date "2006.??.??"]
[Round "?"]
[White "Postl, Rostislav"]
[Black "Tkac, Leopold"]
[Result "1-0"]
[WhiteElo "2310"]
[BlackElo "2122"]
[PlyCount "63"]
[EventDate "2006.??.??"]
[EventType "corr"]

1. d4 Nf6 2. c4 e6 3. Nf3 c5 4. d5 exd5 5. cxd5 d6 6. Nc3 Be7 7. e4 O-O 8. Be2
a6 9. a4 b6 10. O-O Nbd7 11. Qc2 Ng4 12. Nd2 f5 13. Qb3 Bb7 14. exf5 Nge5 15.
f4 Nf7 16. Nc4 Qc7 17. Bf3 Bh4 18. g4 Nh6 19. Be3 Rae8 20. Bf2 Bxf2+ 21. Kxf2
Nf7 22. Kg1 Kh8 23. g5 h6 24. h4 hxg5 25. hxg5 Nxg5 26. fxg5 Rxf5 27. g6 Rg5+
28. Kf2 Rxg6 29. Rh1+ Kg8 30. Qc2 Nf8 31. Rh3 Rg1 32. Rxg1 1-0

[Event "7MCR_4D_1L_2S"]
[Site "?"]
[Date "2006.??.??"]
[Round "?"]
[White "Pravec, Ladislav"]
[Black "Batka, Josef"]
[Result "1/2-1/2"]
[WhiteElo "2401"]
[BlackElo "2260"]
[PlyCount "108"]
[EventDate "2006.??.??"]
[EventType "corr"]

1. d4 Nf6 2. c4 c5 3. d5 e6 4. Nc3 exd5 5. cxd5 d6 6. e4 g6 7. f4 Bg7 8. Bb5+
Nfd7 9. Nf3 a6 10. Bd3 b5 11. O-O O-O 12. Kh1 Re8 13. Be3 b4 14. Na4 Nf6 15.
Nd2 Bd7 16. Bg1 Bb5 17. Qc2 Ra7 18. Rac1 Bh6 19. a3 bxa3 20. bxa3 Nh5 21. g3
Rb7 22. Nc4 Bg7 23. Rfe1 Qd7 24. Nc3 Qh3 25. Qg2 Qxg2+ 26. Kxg2 Bxc4 27. Bxc4
Rb2+ 28. Kf3 Nf6 29. Na4 Rd2 30. e5 dxe5 31. Rxe5 Rxe5 32. fxe5 Nfd7 33. e6
Ne5+ 34. Kf4 g5+ 35. Ke3 Nxc4+ 36. Rxc4 Rxd5 37. e7 Re5+ 38. Re4 Rxe4+ 39. Kxe4
f5+ 40. Kxf5 Kf7 41. Nxc5 Kxe7 42. Ne6 Bb2 43. Bc5+ Kf7 44. Nxg5+ Kg7 45. Ne6+
Kf7 46. g4 Nc6 47. h4 h6 48. g5 hxg5 49. hxg5 Ne7+ 50. Bxe7 Kxe7 51. a4 a5 52.
Nc5 Kf7 53. g6+ Kg7 54. Ne6+ Kh6 1/2-1/2

[Event "7MCR_4D_1L_2S"]
[Site "?"]
[Date "2006.??.??"]
[Round "?"]
[White "Pravec, Ladislav"]
[Black "Bednarik, Radovan"]
[Result "1/2-1/2"]
[WhiteElo "2401"]
[BlackElo "2201"]
[PlyCount "111"]
[EventDate "2006.??.??"]
[EventType "corr"]

1. d4 d5 2. c4 c6 3. Nf3 Nf6 4. Nc3 a6 5. e3 b5 6. c5 Nbd7 7. Bd3 e5 8. Nxe5
Nxe5 9. dxe5 Ng4 10. Be2 Nxe5 11. Qd4 Nd7 12. b4 Be7 13. a4 Bf6 14. Qd3 Nxc5
15. bxc5 Bf5 16. Qd2 b4 17. Bb2 bxc3 18. Bxc3 a5 19. O-O O-O 20. Bd4 Bxd4 21.
Qxd4 Rb8 22. Qe5 Be4 23. Rfd1 Re8 24. Qd6 Qc8 25. Qg3 Rb2 26. Bg4 f5 27. Bf3
Bc2 28. Rdc1 Qb8 29. Qh4 Rb4 30. Qg3 Bxa4 31. Qh3 Rf8 32. g3 Qa7 33. Qf1 Bb3
34. Qe1 Rfb8 35. Qc3 a4 36. Qe5 Qf7 37. Be2 Rf8 38. Qc3 Re4 39. Bd3 Rg4 40. Be2
Rg5 41. Qe5 Rg6 42. Bh5 Qe6 43. Qf4 Rh6 44. Bd1 Bxd1 45. Rxd1 Qe7 46. Rxa4 Qxc5
47. Rda1 Qd6 48. Qxd6 Rxd6 49. Ra7 Rc8 50. Rb7 c5 51. Raa7 Rg6 52. Kf1 c4 53.
Ke1 h6 54. Rf7 c3 55. Rfc7 Rxc7 56. Rxc7 1/2-1/2

[Event "7MCR_4D_1L_2S"]
[Site "?"]
[Date "2006.??.??"]
[Round "?"]
[White "Pravec, Ladislav"]
[Black "Jandovsky, Viktor"]
[Result "1/2-1/2"]
[WhiteElo "2401"]
[BlackElo "2268"]
[PlyCount "54"]
[EventDate "2006.??.??"]
[EventType "corr"]

1. d4 Nf6 2. c4 e6 3. Nf3 b6 4. g3 Ba6 5. b3 Bb4+ 6. Bd2 Be7 7. Nc3 O-O 8. Qc2
d5 9. cxd5 exd5 10. Bg2 c5 11. O-O Nc6 12. Be3 Rc8 13. Bh3 Rc7 14. Rfd1 cxd4
15. Nxd4 Nxd4 16. Bxd4 Ne4 17. Qb2 Nxc3 18. Bxc3 Bxe2 19. Qxe2 Rxc3 20. Qd2 Rc5
21. b4 Rc4 22. Rab1 Qd6 23. Qxd5 Qxd5 24. Rxd5 Rxb4 25. Rxb4 Bxb4 26. Rd7 a5
27. Bg2 g5 1/2-1/2

[Event "7MCR_4D_1L_2S"]
[Site "?"]
[Date "2006.??.??"]
[Round "?"]
[White "Pravec, Ladislav"]
[Black "Kuta, Miroslav"]
[Result "1-0"]
[WhiteElo "2401"]
[BlackElo "2248"]
[PlyCount "91"]
[EventDate "2006.??.??"]
[EventType "corr"]

1. d4 d5 2. c4 e6 3. Nc3 Nf6 4. Nf3 Be7 5. Bf4 O-O 6. e3 c5 7. dxc5 Bxc5 8. Qc2
Nc6 9. Rd1 Qa5 10. Be2 dxc4 11. Bxc4 Bd7 12. O-O Be7 13. e4 Rfd8 14. e5 Nb4 15.
Qc1 Ne8 16. a3 Qc7 17. Be2 Na6 18. b4 Rac8 19. Rd3 Bc6 20. Nd4 Nb8 21. Rfd1 a6
22. Bg4 Bd7 23. Qe3 Kh8 24. Qh3 Kg8 25. Bf5 g6 26. Bg4 Ng7 27. Qh6 Bf8 28. Bg5
Re8 29. Qh3 Bc6 30. Nxc6 Qxc6 31. Re1 Nf5 32. Ne4 Bg7 33. Nf6+ Bxf6 34. exf6
Nd7 35. Red1 Ne5 36. Bxf5 h5 37. Rd6 Qb5 38. f4 exf5 39. fxe5 Qxe5 40. Qf3 Qb5
41. Qd5 Qxd5 42. R1xd5 Rc3 43. Rd8 Rc8 44. Rxe8+ Rxe8 45. Rd7 b5 46. Ra7 1-0

[Event "7MCR_4D_1L_2S"]
[Site "?"]
[Date "2006.??.??"]
[Round "?"]
[White "Pravec, Ladislav"]
[Black "Postl, Rostislav"]
[Result "1/2-1/2"]
[WhiteElo "2401"]
[BlackElo "2319"]
[PlyCount "86"]
[EventDate "2006.??.??"]
[EventType "corr"]

1. d4 Nf6 2. c4 e6 3. Nf3 d5 4. Nc3 Be7 5. Bf4 O-O 6. e3 c5 7. dxc5 Bxc5 8. a3
Nc6 9. Qc2 Qa5 10. Rd1 Be7 11. Be2 dxc4 12. Bxc4 e5 13. Bg3 Bg4 14. O-O Rac8
15. Nd5 b5 16. Ba2 Nxd5 17. Bxd5 Nd4 18. Qb1 Ne2+ 19. Kh1 Nxg3+ 20. hxg3 Bf6
21. Be4 g6 22. Kh2 Kg7 23. Rd6 b4 24. Qe1 Rb8 25. Qd2 Rfc8 26. Rc1 Rxc1 27.
Qxc1 Be6 28. Qd2 Be7 29. Rc6 Rd8 30. Qe1 Qa4 31. axb4 Bxb4 32. Qb1 Rd1 33. Rc1
Rxc1 34. Qxc1 f6 35. Qc7+ Qd7 36. Qb8 a5 37. Qb6 h5 38. Bc6 Qd6 39. Qb7+ Qe7
40. Qb6 Qf8 41. Qb7+ Qf7 42. Qb8 g5 43. Be8 Qf8 1/2-1/2

[Event "7MCR_4D_1L_2S"]
[Site "?"]
[Date "2006.??.??"]
[Round "?"]
[White "Pravec, Ladislav"]
[Black "Splichal, Stanislav"]
[Result "1/2-1/2"]
[WhiteElo "2401"]
[BlackElo "2258"]
[PlyCount "56"]
[EventDate "2006.??.??"]
[EventType "corr"]

1. d4 Nf6 2. c4 e6 3. Nf3 d5 4. Nc3 c5 5. cxd5 Nxd5 6. e4 Nxc3 7. bxc3 cxd4 8.
cxd4 Bb4+ 9. Bd2 Bxd2+ 10. Qxd2 O-O 11. Bc4 Nc6 12. O-O b6 13. Rad1 Bb7 14.
Rfe1 Na5 15. Bd3 Qe7 16. Qf4 Rad8 17. d5 h6 18. Qg4 Bc8 19. Qg3 Qc5 20. Qe5 Nc4
21. Qc3 exd5 22. exd5 b5 23. Bxc4 Qxc4 24. Qxc4 bxc4 25. Ne5 Ba6 26. Nc6 Rd6
27. Rc1 Ra8 28. a4 Kf8 1/2-1/2

[Event "7MCR_4D_1L_2S"]
[Site "?"]
[Date "2006.??.??"]
[Round "?"]
[White "Pravec, Ladislav"]
[Black "Tkac, Leopold"]
[Result "1-0"]
[WhiteElo "2401"]
[BlackElo "2122"]
[PlyCount "49"]
[EventDate "2006.??.??"]
[EventType "corr"]

1. d4 d5 2. c4 c6 3. Nf3 Nf6 4. Nc3 e6 5. e3 Nbd7 6. Bd3 dxc4 7. Bxc4 Bd6 8. e4
e5 9. dxe5 Nxe5 10. Nxe5 Bxe5 11. Qxd8+ Kxd8 12. Bxf7 Rf8 13. Bb3 Bxc3+ 14.
bxc3 Nxe4 15. Ba3 Re8 16. Bf7 Re5 17. O-O-O+ Kc7 18. Rhe1 Rf5 19. Rxe4 Rxf7 20.
Bd6+ Kb6 21. f3 Bf5 22. Re5 a5 23. h4 Ka6 24. c4 Bg4 25. fxg4 1-0

[Event "7MCR_4D_1L_2S"]
[Site "?"]
[Date "2006.??.??"]
[Round "?"]
[White "Splichal, Stanislav"]
[Black "Batka, Josef"]
[Result "1-0"]
[WhiteElo "2258"]
[BlackElo "2260"]
[PlyCount "89"]
[EventDate "2006.??.??"]
[EventType "corr"]

1. d4 Nf6 2. c4 c5 3. Nf3 cxd4 4. Nxd4 e5 5. Nb5 d5 6. cxd5 Bc5 7. N5c3 O-O 8.
e3 e4 9. Be2 Qe7 10. a3 Rd8 11. Nd2 Nxd5 12. Nxd5 Rxd5 13. b4 Bb6 14. Bb2 Nc6
15. Qb3 Rg5 16. Qc2 f5 17. h4 Rxg2 18. Kf1 Rg6 19. h5 Rg5 20. h6 Ne5 21. hxg7
Ng4 22. Nc4 Bc7 23. Rc1 Bd7 24. Na5 Be5 25. Nxb7 Rxg7 26. Bxe5 Nxe5 27. Qc5 Qf6
28. Qd6 Rf8 29. Qxf6 Rxf6 30. Nc5 Bc6 31. Rd1 Nd3 32. Rh4 Nxc5 33. Rd8+ Kf7 34.
bxc5 Kg6 35. Rh3 Kg5 36. Ke1 f4 37. Kd2 fxe3+ 38. fxe3 Kf5 39. Kc3 Ke5 40. Rh8
Rf2 41. Bc4 Rf3 42. Rh5+ Kf6 43. Rh6+ Rg6 44. Rxg6+ hxg6 45. Rc8 1-0

[Event "7MCR_4D_1L_2S"]
[Site "?"]
[Date "2006.??.??"]
[Round "?"]
[White "Splichal, Stanislav"]
[Black "Bednarik, Radovan"]
[Result "1-0"]
[WhiteElo "2258"]
[BlackElo "2201"]
[PlyCount "95"]
[EventDate "2006.??.??"]
[EventType "corr"]

1. d4 d5 2. c4 c6 3. Nf3 Nf6 4. Nc3 a6 5. c5 Nbd7 6. Bf4 e6 7. e3 b6 8. b4 a5
9. a3 Be7 10. Bd3 Nh5 11. Be5 O-O 12. O-O Ba6 13. b5 Bxb5 14. Nxb5 cxb5 15. c6
Nxe5 16. Nxe5 Nf6 17. Bxb5 Bd6 18. f4 Rc8 19. Bd3 Rc7 20. Qb3 Qa8 21. Rac1 a4
22. Qb5 Qa7 23. Rc3 Rb8 24. Bc2 h6 25. Rb1 Qa8 26. h3 Rbc8 27. g4 Ra7 28. Kg2
Rac7 29. Qxb6 Ne4 30. Bxe4 dxe4 31. Rb5 Ra7 32. d5 Ra6 33. Qd4 exd5 34. Nxf7
Raxc6 35. Nxd6 Rxd6 36. Rxd5 Rxc3 37. Rxd6 Rd3 38. Qc4+ Kh8 39. Re6 Rd2+ 40.
Kg3 Rd8 41. Qc3 Qd5 42. Rxh6+ Kg8 43. Rg6 Qd7 44. Qe5 Qa7 45. Qxe4 Qa5 46. f5
Rf8 47. Kf4 Qb5 48. Qe5 1-0